Southville International School and Colleges
Your cart is empty.
  • Cart
  • Lists
    Public lists Eva Luna New books Lux_list list_1
    Your lists Log in to create your own lists
  • Log in to your account
  • Your cookies
  • Search history
Southville International School and Colleges
  • Advanced search
  • Recent comments
  • Most popular
  • Libraries

Log in to your account

Log in with GOOGLE


If you do not have an external account, but do have a local account, you can still log in:

  1. Home
  2. MARC view: Big book 2: health /
Normal view MARC view ISBD view

Big book 2: health / (Record no. 113903)

[ view plain ]
MARC details
000 -LEADER
fixed length control field 00770nam a2200181 a 4500
001 - CONTROL NUMBER
control field 2010
005 - DATE AND TIME OF LATEST TRANSACTION
control field 20140414132043.0
008 - FIXED-LENGTH DATA ELEMENTS--GENERAL INFORMATION
fixed length control field 050216s19uu xx 00 eng d
020 ## - INTERNATIONAL STANDARD BOOK NUMBER
International Standard Book Number 0-02-277387-8
050 ## - LIBRARY OF CONGRESS CALL NUMBER
Classification number BB
Item number H34 bk. 2
245 ## - TITLE STATEMENT
Title Big book 2: health /
Statement of responsibility, etc Susan C. Giarratano-Russell, et al.
260 ## - PUBLICATION, DISTRIBUTION, ETC. (IMPRINT)
Place of publication, distribution, etc New York :
Name of publisher, distributor, etc McGraw-Hill School Division,
Date of publication, distribution, etc 2000.
300 ## - PHYSICAL DESCRIPTION
Extent 50 p. : ill. ; cm.
440 ## - SERIES STATEMENT/ADDED ENTRY--TITLE
Title McGraw-Hill
500 ## - GENERAL NOTE
General note Contents: Personal health--Growth and development--Emotional and Intellectual Health--Family and Social Health--Physical activity and fitness--Disease prevention and control--Alcohol, Tobacco and Drugs--Safety and Injury Prevention--Community and Environmental Health.
650 ## - SUBJECT ADDED ENTRY--TOPICAL TERM
Topical term or geographic name as entry element Health
General subdivision Juvenile literature.
Holdings
Withdrawn status Lost status Damaged status Use restrictions Home library Current library Shelving location Date acquired Source of acquisition Total Checkouts Full call number Barcode Date last seen Price effective from Koha item type
        Munich Library Munich Library Big Books Section 02/16/2005     BB H34 bk. 2 M5563 04/14/2014 04/14/2014 Books

Big book 2: health /

APA

(2000). Big book 2: health. New York: McGraw-Hill School Division.

Chicago

2000. Big book 2: health. New York: McGraw-Hill School Division.

Harvard

(2000). Big book 2: health. New York: McGraw-Hill School Division.

MLA

Big book 2: health. New York: McGraw-Hill School Division. 2000.

  • Place hold
  • Print
  • Cite
  • Add to your cart (remove)
  • Save record
    BIBTEX Dublin Core MARCXML MARC (non-Unicode/MARC-8) MARC (Unicode/UTF-8) MARC (Unicode/UTF-8, Standard) MODS (XML) RIS
  • More searches
    Search for this title in:
    Other Libraries (WorldCat) Other Databases (Google Scholar) Online Stores (Bookfinder.com) Open Library (openlibrary.org)

Exporting to Dublin Core...

SOUTHVILLE LIBRARY

Southville International School and Colleges Library

1281 Tropical Ave. Cor. Luxembourg St., BF Homes International, Las Pinas City

Tel. No. 8256374 / 252358 Loc. 117/146

Powered by Koha